书目信息 |
| 题名: |
潜意识里的故事:陈仲舜心理热线咨询手记
|
|
| 作者: | 陈仲舜 编 | |
| 分册: | ||
| 出版信息: | 天津 天津科学技术出版社 1998.05 |
|
| 页数: | 188页 | |
| 开本: | 32开 | |
| 丛书名: | ||
| 单 册: | ||
| 中图分类: | R395.6 | |
| 科图分类: | ||
| 主题词: | 医学心理学 , 病理心理学 | |
| 电子资源: | ||
| ISBN: | 7-5308-2459-7 | |
| 000 | 00647nam0 2200205 45 | |
| 001 | 0009280935 | |
| 005 | 20000928101138.1 | |
| 010 | @a7-5308-2459-7@d12.60元 | |
| 100 | @a20000928d1998 km y0chiy0120 ea | |
| 101 | 0 | @achi |
| 105 | @a z 000yy | |
| 200 | 1 | @a潜意识里的故事:陈仲舜心理热线咨询手记@AQian Yi ShiLi De Gu Shi:Chen Zhong Shun Xin Li Re Xian Zi Xun Shou Ji@f陈仲舜编@FChen Zhong Shun Bian |
| 210 | @a天津@c天津科学技术出版社@d1998.05 | |
| 215 | @a188页@d32开 | |
| 606 | 0 | @a医学心理学 |
| 606 | 0 | @a病理心理学 |
| 690 | @aR395.6@v3 | |
| 701 | 0 | @a陈仲舜@4编 |
| 801 | @aCN@bPftUser@c20000928 | |
| 905 | @dR395.6@eCH801/1@b156362-364@f3 | |
| 潜意识里的故事:陈仲舜心理热线咨询手记/陈仲舜编.-天津:天津科学技术出版社,1998.05 |
| 188页;32开 |
| ISBN 7-5308-2459-7:12.60元 |
| ● |
| 相关链接 |
|
|
|
正题名:潜意识里的故事:陈仲舜心理热线咨询手记
索取号:R395.6/CH801/1
 
预约/预借
| 序号 | 登录号 | 条形码 | 馆藏地/架位号 | 状态 | 备注 |
| 1 | 156362 | 201563628 | 自科二线504/110考试书库 8排2列3层/ [索取号:R395.6/CH801/1] | 在馆 | |
| 2 | 156363 | 201563637 | 自科二线504/504自科库 38排1列6层/ [索取号:R395.6/CH801/1] | 在馆 | |
| 3 | 156364 | 201563646 | 自科二线504/110考试书库 8排2列3层/ [索取号:R395.6/CH801/1] | 在馆 |